000 00206 a2200109 4500
020 _a9780452296718
041 _aeng
100 _aP L Gus
245 _aSeparate From The World
942 _cBK
952 _71
999 _c23477
_d23477